000 00459nam a2200157Ia 4500
008 090123s9999 xx 000 0 und d
082 _b40978
245 _aरम्य ते बालपण
250 _a2
260 _bडायमंड पब्लिकेशन
_c2007
300 _a136
630 _aरम्य ते बालपण
700 _aकिणीकर रॉय
730 _aरम्य ते बालपण
942 _cBOOK
999 _c79051
_d79051